Library of the University of Algiers 3
Ibrahim Sultan Cheibout
شعار جامعة الجزائر 3
مكتبة جامعة الجزائر 3
إبراهيم سلطان شيبوط

المحاسبة المالية المتقدمة / (رقم التسجيلة. 44230)

تفاصيل مارك
000 -LEADER
fixed length control field 01430nam a2200253Ia 4500
003 - CONTROL NUMBER IDENTIFIER
control field Ost
005 - DATE AND TIME OF LATEST TRANSACTION
control field 20260507075356.0
008 - FIXED-LENGTH DATA ELEMENTS--GENERAL INFORMATION
fixed length control field 260507s9999||||xx |||||||||||||| ||und||
020 ## - INTERNATIONAL STANDARD BOOK NUMBER
International Standard Book Number 1160169957
040 ## - CATALOGING SOURCE
Transcribing agency fsecg
041 ## - LANGUAGE CODE
Language code of text/sound track or separate title ara
082 ## - DEWEY DECIMAL CLASSIFICATION NUMBER
Classification number 330
100 ## - MAIN ENTRY--PERSONAL NAME
Personal name القاضي، حسين
Relator term مؤلف
245 #0 - TITLE STATEMENT
Title المحاسبة المالية المتقدمة /
Statement of responsibility, etc. حسين القاضي
250 ## - EDITION STATEMENT
Edition statement طبعة 2
260 ## - PUBLICATION, DISTRIBUTION, ETC.
Place of publication, distribution, etc. عمان:
Name of publisher, distributor, etc. دار الثقافة للنشر والتوزيع,
Date of publication, distribution, etc. 2011
300 ## - PHYSICAL DESCRIPTION
Extent 497 صفحة؛
Other physical details إيضاحات ؛
Dimensions 25 سم
504 ## - BIBLIOGRAPHY, ETC. NOTE
Bibliography, etc. note المراجع ص489؛ قائمة المصطلحات العلمية ص493
520 ## - SUMMARY, ETC.
Summary, etc. المحاسبة عن توحيد الاعمال- إعداد القوائم المالية الموحدة بتاريخ التوحيد في ظل طرق المحاسبة عن التوحيد- إعداد القوائم المالية بعد تاريخ توحيد الأعمال- العمليات المتبادلة المتعلقة بالمخزون- العمليات المتبادلة المتعلقة بالأصول الثابتة- التوحيد غير المباشر- مشكلات خاصة في توحيد الأعمال- ضريبة الدخل في توحيد الاعمال
653 ## - INDEX TERM--UNCONTROLLED
Uncontrolled term المحاسبة- المالية العامة
653 ## - INDEX TERM--UNCONTROLLED
Uncontrolled term محاسبة التكاليف
700 ## - ADDED ENTRY--PERSONAL NAME
Personal name دحدوح، حسين
Relator term مؤلف ثانوي
942 ## - ADDED ENTRY ELEMENTS (KOHA)
Koha item type كتب
المقتنيات
Withdrawn status Lost status Source of classification or shelving scheme Damaged status Not for loan Home library Current library Date acquired Serial enumeration / chronology Inventory number Total checkouts Full call number Barcode Date last seen Price effective from Koha item type
    Dewey Decimal Classification   NOT LOAN / إعارة داخلية مكتبة كلية العلوم الإقتصادية والعلوم التجارية وعلوم التسيير مكتبة كلية العلوم الإقتصادية والعلوم التجارية وعلوم التسيير 07/05/2026 الطابق الأرضي 25376   أ/4289ن1 25376 07/05/2026 07/05/2026 كتب
    Dewey Decimal Classification   Available مكتبة كلية العلوم الإقتصادية والعلوم التجارية وعلوم التسيير مكتبة كلية العلوم الإقتصادية والعلوم التجارية وعلوم التسيير 07/05/2026 الطابق الأرضي 25377   أ/4289ن2 25377 07/05/2026 07/05/2026 كتب
    Dewey Decimal Classification   Available مكتبة كلية العلوم الإقتصادية والعلوم التجارية وعلوم التسيير مكتبة كلية العلوم الإقتصادية والعلوم التجارية وعلوم التسيير 07/05/2026 الطابق الثاني 25378   أ/4289ن3 25378 07/05/2026 07/05/2026 كتب

موارد الويب المفتوحة


© University of Algiers 3 All Rights Reserved
|
Implemented by LECHELAH Riad